000 00334nam a2200145Ia 4500
005 20250405153308.0
008 240331s9999 xx 000 0 und d
082 _bSIV
_a894
100 _aSivalingam, S
245 0 _aNeer valaiyangal
260 _aMadras
_bTamiliyal
_c1988
300 _axxiv, 142 p .,
650 _aPoems
942 _cL
999 _c4122
_d4122